| 000 | 00838nam a2200253 i 4500 | ||
|---|---|---|---|
| 001 | bg | ||
| 100 | 1 | _aSYSŁO, Maciej Marek | |
| 245 | 1 | 0 |
_aAlgorytmy / _cMaciej M. Sysło. |
| 260 |
_aWarszawa : _bWydawnictwa Szkolne i Pedagogiczne, _c1997. |
||
| 300 |
_a271 s. : _bil., mapa ; _c24 cm. |
||
| 504 | _aIndeks. | ||
| 521 | _aDla uczniów szkół ponadgimnazjalnych, studentów oraz wszystkich, których interesuje poznawanie sposobów budowania algorytów i korzystania z nich w rozwiązywaniu problemów. | ||
| 650 | 9 | _aAlgorytmy | |
| 650 | 9 | _aELI | |
| 650 | 9 | _aPASCAL | |
| 655 | _aMateriały pomocnicze dla szkół średnich | ||
| 020 | _a8302066591 | ||
| 040 | _cBPK | ||
| 041 | 0 | _apol | |
| 080 | _a510.5:004.438A/Z:004.42](075.3) | ||
| 920 | _a83-02-06659-1 | ||
| 942 | _cKS | ||
| 008 | s pl f |000 0 pol | ||
| 999 |
_c44244 _d44244 |
||
| 856 |
_uhttp://koha.tu.koszalin.pl/cgi-bin/koha/opac-detail.pl?biblionumber=44244 _yKatalog online BPK |
||